00000000nam 2200000zi 4500
0019.945580
003CaOODSP
00520250324131001
006m     o  d f      
007cr mn|||||||||
008241126e198310##onca    of   f000 0 fre d
040 |aCaOODSP|bfre|erda|cCaOODSP
043 |an-cn---
0861 |aCo22-773/1-1983F-PDF
24500|aGuide de l'accés à l'information et de la protection des renseignements personnels : |bsupplément n° 1.
264 1|a[Ottawa] : |bGouvernement du Canada, Ministère des communications = Government of Canada, Department of Communications, |coctobre 1983.
300 |a1 ressource en ligne (1 volume (pagination multiple)) : |billustration
336 |atexte|btxt|2rdacontent/fre
337 |ainformatique|bc|2rdamedia/fre
338 |aressource en ligne|bcr|2rdacarrier/fre
500 |aPublié aussi en anglais sous le titre : Access to information and privacy manual: supplement no. 1.
500 |aÉdition numérisée de l'imprimé [par Innovation, sciences et développement économique Canada].
650 6|aArchives publiques|xAccès|xContrôle|zCanada|vGuides, manuels, etc.
650 6|aInformation sur l'État|xAccès|xContrôle|zCanada|vGuides, manuels, etc.
650 6|aLiberté d'information|zCanada|vGuides, manuels, etc.
650 6|aDroit à la vie privée|zCanada|vGuides, manuels, etc.
655 7|aGuides et manuels|2rvmgf
7101 |aCanada. |bMinistère des communications, |eorganisme de publication.
77508|tAccess to information and privacy manual : |w(CaOODSP)9.939814
85640|qPDF|s3.91 Mo|uhttps://publications.gc.ca/collections/collection_2024/isde-ised/co22/Co22-773-1-1983-fra.pdf